| 000 -ლიდერი |
| ფიქსირებული სიგრძის საკონტროლო ველი |
00911nam a2200241Ia 4500 |
| 001 - საკონტროლო ნომერი |
| საკონტროლო ველი |
6613 |
| 003 - საკონტროლო ნომრის იდენტიფიკატორი |
| საკონტროლო ველი |
GE_BSU |
| 005 - ბოლო ოპერაციის თარიღი და დრო |
| საკონტროლო ველი |
20191206144743.0 |
| 008 - ფიქსირებული სიგრძის მონაცემთა ელემენტები - ზოგადი ინფორმაცია |
| ფიქსირებული სიგრძის საკონტროლო ველი |
181216s2007||||ge |||||||||||||| ||geo|| |
| 020 ## - წიგნის საერთაშორისო სტანდარტული ნომერი |
| International Standard Book Number |
9789994090921 |
| 040 ## - კატალოგიზაციის წყარო |
| Transcribing agency |
GE_BSU |
| 041 ## - ენის კოდი |
| Language code of text/sound track or separate title |
geo |
| 080 ## - უნივერსალური ათობითი კლასიფიკაციის ინდექსი |
| Universal Decimal Classification number |
821.353.1.09 ა-63 |
| 100 ## - მთავარი ჩანაწერი - პიროვნების სახელი |
| Personal name |
ჯალაღონია, ნოდარ |
| 9 (RLIN) |
5697 |
| 245 ## - ცნობა სათაურის შესახებ |
| Title |
პოეტი-მამულიშვილი : |
| Remainder of title |
ნოდარ ჯალაღონია / |
| Statement of responsibility, etc |
რედ: ჯემალ, შონია. |
| 264 ## - წარმოების, გამოცემის, დისტრიბუციის და სხვა ცნობები |
| გამოცემის, წარმოების, დისტრიბუციის... ადგილი |
თბილისი : |
| გამოცემის, წარმოების, დისტრიბუციის... სახელწოდება |
ზანი, |
| გამოცემის, წარმოების, დისტრიბუციის... თარიღი |
2007. |
| 300 ## - ფიზიკური აღწერა |
| Extent |
85 გვ. ; |
| Other physical details |
20 სმ. |
| 600 ## - SUBJECT ADDED ENTRY--PERSONAL NAME |
| Personal name |
ჯალაღონია ნოდარ |
| 9 (RLIN) |
5698 |
| 653 ## - INDEX TERM--UNCONTROLLED |
| Uncontrolled term |
ქართველი პოეტები |
| 653 ## - INDEX TERM--UNCONTROLLED |
| Uncontrolled term |
ჯალაღონია ნოდარ |
| 700 ## - ADDED ENTRY--PERSONAL NAME |
| Personal name |
შონია, ჯემალ |
| Relator term |
რედაქტორი |
| 9 (RLIN) |
5699 |
| 942 ## - ADDED ENTRY ELEMENTS (KOHA) |
| Koha item type |
წიგნი |
| Source of classification or shelving scheme |
|